Pobreza y desigualdad en américa latina : temas y nuevos desafíos /
Guardado en:
| Autor Principal: | |
|---|---|
| Otros Autores: | |
| Formato: | Libro |
| Publicado: |
Buenos Aires :
Paidós,
1999
|
| Series: | Latinoamericana / dirigida por Sebastián Mazzuca
|
| Materias: | |
| Etiquetas: |
Agregar Etiqueta
Sin Etiquetas, Sea el primero en etiquetar este registro!
|
| LEADER | 01760nam a22002295a 4500 | ||
|---|---|---|---|
| 001 | CEM.cems017471 | ||
| 005 | 20110428100857.0 | ||
| 008 | 130507s1999##################000#0#####d | ||
| 003 | CEMS | ||
| 020 | |a 9501289060 | ||
| 082 | 0 | 4 | |a 339.46 |
| 100 | 1 | |a Tokman, Víctor E. | |
| 245 | 1 | 0 | |a Pobreza y desigualdad en américa latina : |b temas y nuevos desafíos / |c Compiladores Víctor E. Tokman y Guillermo O´donnell |
| 260 | |a Buenos Aires : |b Paidós, |c 1999 | ||
| 300 | |a 282 p. | ||
| 490 | 0 | |a Latinoamericana / dirigida por Sebastián Mazzuca | |
| 505 | 0 | |a Desigualdad, empleo y pobreza en América Latina: efectos del ajuste y del cambio en el estilo de desarrollo / Oscar Altimir -- La demografía de la pobreza y el bienestar en América Latina. Desafíos y oportunidades / José Alberto Magno de Carvallo -- Pobreza y desigualdad en América Latina: algunas reflexiones políticas / Guillermo O´Donnell -- Globalización y creación de puestos de trabajo. Una perspectiva latinoamericana / René Cortázar -- Reestructuración productiva, educación y formación profesional María Antonia Gallart -- Bienestar y ciudadanía. Viejas y nuevas vulnerabilidades / Carlos H. Filgueira -- La crisis de los viejos modelos de protección social en América latina. Nuevas alternativas para enfrentar la pobreza / Dogmar Raczynski -- El equilibrio entre el Estado, el mercado y la sociedad civil. Las ONG para un nuevo consenso de desarrollo / Charles A. Reilly -- Empleos y bienestar. En busca de nuevas respuestas / Víctor E. Tokman | |
| 653 | |a América latina | ||
| 653 | |a América latina-entorno económico | ||
| 653 | |a América latina-globalización | ||
| 700 | 1 | |a O´donnell, Guillermo, comp. | |
| 859 | |a CEMS |b BIB. CEMS - Agricultura |h 339.46 |i T572 |p A1234.11 |t Ej.1 | ||
